000
00305nam a22001217a 4500
020
_a
9780123742049
082
_a
664
_b
CLA/PR
100
_a
Clark, Peter J
245
_a
Practical design, construction and operation of food facilities
260
_a
Amsterdam
_b
Elsevier
_c
2009
300
_a
317
942
_c
BK
999
_c
13642
_d
13642